Védekezési kísérletek a muskátli baktériumos betegsége (Xanthomonas Campestris pv. Pelargonii) ellen

Elmentve itt :
Bibliográfiai részletek
Szerzők: Marton Éva
Szabó Réka
További közreműködők: Tóth Endre (Témavezető)
Mile Lajos (Témavezető)
Dokumentumtípus: Szakdolgozat
Megjelent: 2000
Kulcsszavak:Muskátlitermesztés
Növényvédelem
baktériumos betegség
Xanthomonas Campestris pv. Pelargonii
Tárgyszavak:
Online Access:http://diploma.bibl.u-szeged.hu/100666
LEADER 00929nta a2200265 i 4500
001 dipl100666
005 20211118142728.0
008 211118s2000 hu om 0|| hun d
040 |a SZTE Diploma Repozitórium  |b hun 
041 |a hun 
100 1 |a Marton Éva 
245 1 0 |a Védekezési kísérletek a muskátli baktériumos betegsége (Xanthomonas Campestris pv. Pelargonii) ellen  |h [elektronikus dokumentum] /  |c Éva Marton 
260 |c 2000 
300 |a 68 
650 4 |a Agrár 
650 4 |a Agricultural sciences 
650 4 |a Agriculture, forestry and fisheries 
695 |a Muskátlitermesztés 
695 |a Növényvédelem 
695 |a baktériumos betegség 
695 |a Xanthomonas Campestris pv. Pelargonii 
700 0 1 |a Tóth Endre  |e ths 
700 0 1 |a Mile Lajos  |e ths 
700 0 1 |a Szabó Réka  |e aut 
856 4 0 |u https://diploma.bibl.u-szeged.hu/id/eprint/100666/1/2000_marton_eva_szabo_reka.pdf  |z Dokumentum-elérés